000 01841cam a22003135a 4500
001 L159941
008 090922s2018 xxk f 000 0 eng u
020 _a9781783211098
035 _a(Sirsi) u159941
041 0 _aeng
050 0 4 _a380.1 $2 18
110 2 _aRoyal Institution of Chartered Surveyors
_94900
245 0 0 _aAuctioneers selling real estate 7th edition (incorporating Common Auction Conditions 4th edition)
_h[electronic resource]
250 _a7th ed.
260 _aLondon
_bRICS
_c2018
300 _a64p.
490 0 _aRICS Guidance Note
490 0 _aRIS Professional Standard
490 0 _aRICS Professional Statement
520 _aNow a professional statement not a guidance note, 7th edition incorporates Common Auction Conditions 4th edition at the end of the professional statement and revises guidance on guide prices following recent decisions from the Advertising Standards Authority. Effective from 1st April 2018.
520 _aSupersedes sixth edition L158304 (ISBN 9781783210060).
520 _aThis document was originally published in March 2018 as an RICS professional statement and reissued in October 2023 as an RICS professional standard
650 2 4 _aReal Estate Agency Code
651 4 _aEngland and Wales
_y1543-
690 _aAuctioneering
_96218
856 4 0 _uhttps://www.rics.org/profession-standards/rics-standards-and-guidance/sector-standards/real-estate-standards/auctioneers-selling-real-estate-incorporating-common-auction-conditions
_zFor original 2018 edition with 4th edition of CAC please contact [email protected]
856 4 0 _uhttps://www.rics.org/profession-standards/rics-standards-and-guidance/sector-standards/real-estate-standards/auctioneers-selling-real-estate-incorporating-common-auction-conditions
_z2024 version with 5th edition of CAC
942 _n0
_2ddc
999 _c116165
_d116165